Հայ ազգ. բուժարան : (Record no. 534112)
[ view plain ]
| 000 -LEADER | |
|---|---|
| fixed length control field | 00714nam a2200193 a 4500 |
| 003 - CONTROL NUMBER IDENTIFIER | |
| control field | AM-YeHGA |
| 005 - DATE AND TIME OF LATEST TRANSACTION | |
| control field | 20250618080212.0 |
| 008 - FIXED-LENGTH DATA ELEMENTS--GENERAL INFORMATION | |
| fixed length control field | 080201n ||||gr|||||000|||arm|| |
| 040 ## - CATALOGING SOURCE | |
| Original cataloging agency | AM-YeHGA |
| 041 0# - LANGUAGE CODE | |
| Language code of text/sound track or separate title | arm |
| 001 - CONTROL NUMBER | |
| control field | 490420 |
| 090 ## - LOCALLY ASSIGNED LC-TYPE CALL NUMBER (OCLC); LOCAL CALL NUMBER (RLIN) | |
| -- | 573584 |
| 245 00 - TITLE STATEMENT | |
| Title | Հայ ազգ. բուժարան : |
| Remainder of title | (25-ամեայ յոբելեանին առթիւ, 1923-1948) / |
| Statement of responsibility, etc. | Հայ ազգ. բուժ. յոբելիան. կեդրոն. յանձնախումբ. |
| 260 ## - PUBLICATION, DISTRIBUTION, ETC. | |
| Place of publication, distribution, etc. | Բեյրութ : |
| Name of publisher, distributor, etc. | Ա. հ., |
| Date of publication, distribution, etc. | Ա. թ. |
| 300 ## - PHYSICAL DESCRIPTION | |
| Extent | 198, 14 էջ : |
| Other physical details | նկ. ; |
| Dimensions | 29 սմ. |
| 610 14 - SUBJECT ADDED ENTRY--CORPORATE NAME | |
| Corporate name or jurisdiction name as entry element | Հայ յեղափոխական դաշնակցութիւն |
| 9 (RLIN) | 4870 |
| 650 14 - SUBJECT ADDED ENTRY--TOPICAL TERM | |
| Topical term or geographic name entry element | Բուժպրոֆիլակտիկ հիմնարկներ |
| 942 ## - ADDED ENTRY ELEMENTS (KOHA) | |
| Source of classification or shelving scheme | Universal Decimal Classification |
| Koha item type | Գրքեր / Books |
| Withdrawn status | Lost status | Source of classification or shelving scheme | Damaged status | Not for loan | Collection | Home library | Current library | Date acquired | Total checkouts | Full call number | Barcode | Date last seen | Price effective from | Koha item type | Public note |
|---|---|---|---|---|---|---|---|---|---|---|---|---|---|---|---|
| Universal Decimal Classification | Zhamkochyan Individual collection | Fundamental Scientific Library | Fundamental Scientific Library | 02/04/2025 | Ժամ/10 | FL0688925 | 02/04/2025 | 02/04/2025 | Գրքեր / Books | ILL Non-Circ. | |||||
| Universal Decimal Classification | Zhamkochyan Individual collection | Fundamental Scientific Library | Fundamental Scientific Library | 02/04/2025 | Ժամ/11 | FL0688926 | 02/04/2025 | 02/04/2025 | Գրքեր / Books | ILL Non-Circ. |
ՀՀ Գիտությունների ազգային ակադեմիայի հիմնարար գիտական գրադարան = Fundamental Scientific Library of NAS RA
All site content, except where otherwise noted, is licensed under a